Reyes Visigodos - Estadísticas

Estadísticas generales
  • Esta prueba ha sido intentada 74 veces
  • La puntuación promedio es 15 de 38
Estadísticas de respuestas
Años de reinado Reyes % Correcto
710-711 Rodrigo
72%
571-586 Leovigildo
69%
586-601 Recaredo I
69%
621 Recaredo II
69%
672-680 Wamba
69%
395-410 Alarico I
67%
484-507 Alarico II
67%
649-672 Recesvinto
62%
410-415 Ataúlfo
51%
700-710 Witiza
51%
642-653 Chindasvinto
49%
418-451 Teodorico I
46%
453-466 Teodorico II
46%
549-555 Agila I
44%
710-713 Agila II
44%
415-418 Walia
41%
511-531 Amalarico
33%
680-687 Ervigio
33%
621-631 Suintila
31%
451-453 Turismundo
31%
687-702 Égica
28%
466-484 Eurico
28%
568-572 Liuva I
28%
601-603 Liuva II
28%
612-621 Sisebuto
28%
531-548 Teudis
28%
548-549 Teudiselo
28%
610-612 Gundemaro
26%
631-636 Sisenando
26%
603-610 Witerico
26%
554-568 Atanagildo
23%
636-639 Chintila
23%
415 Sigerico
23%
639-642 Tulga
23%
507-511 Gesaleico
18%
673 (antirrey) Paulo
15%
511-526 Teodorico el Grande
13%
713-720 Ardón
10%
No se encontraron pruebas coincidentes
Distribución de puntuación
Porcentaje de gente con cada puntuación
Porcentaje por número respondido
Historial de tus puntuaciones
No has intentado esta prueba.